00557nam a2200205Ia 450000500170000000800410001702000100005804000190006804100120008708200140009910000190011324500640013226000350019630000160023150400190024765000330026665100270029970000150032685000100034120240229093026.0131103s9999 xx 000 0 und d cRs.25 aLoreto College aEnglish a371 bBHA aBhatnagar,R.P. aEducational Administration, cR.P.Bhatnagar and I.B.Verma aMeerutbLoyal Book Depotc1978 aiii,246 p.  aIncludes index aSchools and their activities aSchool Administration  aVerma,I.B. aLCLIB